| 000 | 00870nam a2200181 a 4500 | ||
|---|---|---|---|
| 008 | 120416s0000 ||||||||||||||||| || u | ||
| 020 | _a0340568291 | ||
| 050 | _aTA 405 Cas | ||
| 100 | _aRoss, C. T. F | ||
| 245 | 1 | 0 | _aStrength of materials and structures with an introduction to finite element methods |
| 250 | _a3rd ed. | ||
| 260 |
_aLondon _bEdward Arnold _c1993 |
||
| 350 | _a0.00 | ||
| 700 | _aCase, J | ||
| 995 |
_aBINDERY (DAMAGED) _D0.00 _e733977 _FCBU-MAIN LIBRARY (Kitwe) _H2 _I21.95 _jTA 405 Cas _M1 _UDAMAGED _y46027 _ZMain Library Open Access Collection |
||
| 995 |
_aMAIN LIBRARY OPEN ACCESS _D0.00 _e733976 _FCBU-MAIN LIBRARY (Kitwe) _H1 _I21.95 _jTA 405 Cas _M1 _UAVAILABLE _y45971 _ZMain Library Open Access Collection |
||
| 995 |
_aBINDERY (DAMAGED) _D0.00 _e733900 _FCBU-MAIN LIBRARY (Kitwe) _H3 _I21.95 _jTA 405 Cas _M1 _UDAMAGED _y45803 _ZMain Library Open Access Collection |
||
| 999 |
_c76890 _d76890 |
||